000
00302nam a2200133Ia 4500
008
191201s2005 xx 000 0 und d
100
_a
RAO, V S P
245
0
_a
Human Resource Management
250
_a
2nd
260
_c
2005
_b
Excel Books
_a
N.Delhi
300
_a
709
650
_a
MBA
942
_2
ddc
_c
BB
999
_c
7241
_d
7241